000
00332nam a22001457a 4500
003
OSt
005
20160727222400.0
008
160623b xxu||||| |||| 00| 0 eng d
040
_c
TEST
100
_9
650
_a
Compton, J
245
_a
Friendly Tales
260
_a
LONDON
_b
GIN & CON LTD
_c
1966
300
_a
Friendly Tales
942
_2
ddc
_c
BK
999
_c
531
_d
531